| 000 | 00540nam a2200217Ia 4500 | ||
|---|---|---|---|
| 003 | OSt | ||
| 005 | 20230510101425.0 | ||
| 008 | 210423s2001 xx 000 0 und d | ||
| 040 | _cAL | ||
| 041 | _aeng | ||
| 082 |
_a150 _223 _bFELU |
||
| 100 |
_aFELDMAN (Robert S) _9101894 |
||
| 245 | _aUnderstanding psychology | ||
| 260 |
_aNew Delhi _bTata McGrawhill _c2001 |
||
| 300 | _bPB | ||
| 365 |
_b325 _cINR |
||
| 650 |
_aPhilosophy _9101895 |
||
| 650 |
_aPsychology _9101896 |
||
| 906 | _apsychology. ; Understanding | ||
| 942 |
_2ddc _cBK |
||
| 999 |
_c171761 _d171761 |
||